书目信息 |
| 题名: |
城市人口均衡发展研究
|
|
| 作者: | 王世巍 著 | |
| 分册: | ||
| 出版信息: | 北京 社会科学文献出版社 2008.9 |
|
| 页数: | 220页 | |
| 开本: | 24cm | |
| 丛书名: | 当代中国人口问题研究系列 | |
| 单 册: | ||
| 中图分类: | C924.24 | |
| 科图分类: | ||
| 主题词: | 城市人口--研究--中国 , 城市人口 | |
| 电子资源: | ||
| ISBN: | 978-7-5097-0312-0 | |
| 000 | 01012oam2 2200277 45 | |
| 001 | 515 | |
| 005 | 20120531151240.43 | |
| 010 | @a978-7-5097-0312-0@dCNY39.00 | |
| 100 | @a20120328d2008 em y0chiy0110 ea | |
| 101 | 0 | @achi@eeng |
| 102 | @aCN@b110000 | |
| 105 | @ay z 000yy | |
| 106 | @ar | |
| 200 | 1 | @a城市人口均衡发展研究@ACheng Shi Ren Kou Jun Heng Fa Zhan Yan Jiu@dOn the balanced development of urban population@f王世巍著@FWang Shi Wei Zhu@zeng |
| 210 | @a北京@c社会科学文献出版社@d2008.9 | |
| 215 | @a220页@d24cm | |
| 225 | 2 | @a当代中国人口问题研究系列 |
| 330 | @a本书对城市人口均衡发展问题进行了系统研究,书中以科学发展观为指导,借鉴国内外关于城市适度人口理论的研究成果等。 | |
| 461 | 0 | @12001 @a当代中国人口问题研究系列 |
| 510 | 1 | @aOn the balanced development of urban population@zeng |
| 606 | 0 | @a城市人口@x研究@y中国 |
| 606 | 0 | @a城市人口 |
| 690 | @aC924.24@v4 | |
| 701 | 0 | @a王世巍@AWang Shi Wei@f(1960~)@4著 |
| 801 | 0 | @aCN@bTSTCL@c20120328 |
| 905 | @b0813874-80@dC924.24@e76@f7 | |
| 城市人口均衡发展研究=On the balanced development of urban population/王世巍著.-北京:社会科学文献出版社,2008.9 |
| 220页;24cm.-(当代中国人口问题研究系列) |
| ISBN 978-7-5097-0312-0:CNY39.00 |
| 本书对城市人口均衡发展问题进行了系统研究,书中以科学发展观为指导,借鉴国内外关于城市适度人口理论的研究成果等。 |
| ● |
| 相关链接 |
|
|
|
|
正题名:城市人口均衡发展研究
索取号:C924.24/76
 
预约/预借
| 序号 | 登录号 | 条形码 | 馆藏地/架位号 | 状态 | 备注 |
| 1 | 0813874 | 208138745 | 第一样本阅览室/ [索取号:C924.24/76] | 在馆 | |
| 2 | 0813875 | 208138754 | 密集书库-资源管理系/ [索取号:C924.24/76] | 在馆 | |
| 3 | 0813876 | 208138763 | 第一借阅区/ [索取号:C924.24/76] | 在馆 | |
| 4 | 0813877 | 208138772 | 第一借阅区/ [索取号:C924.24/76] | 在馆 | |
| 5 | 0813878 | 208138781 | 第一借阅区/ [索取号:C924.24/76] | 在馆 | |
| 6 | 0813879 | 208138790 | 第一借阅区/ [索取号:C924.24/76] | 在馆 | |
| 7 | 0813880 | 208138807 | 第一借阅区/ [索取号:C924.24/76] | 在馆 |